002410000a2200073000450024500580000030000390005865000310009777300390012810aBibliografia : Impactando la vida con las Escrituras. aVol. 3, No. 10 (2001), Página 1514aTRABAJO SOCIAL CON NIÑOS0 tAlcanzando a los Niños en Riesgo